| 000 | 00554nam a2200181Ia 4500 | ||
|---|---|---|---|
| 005 | 20250508161830.0 | ||
| 008 | 008 250505s9999 xx 000 0 eng d | ||
| 037 | _aBooks to be hide in OPAC | ||
| 040 |
_aFEDL _beng _cFEDL |
||
| 041 |
_aeng _2eng |
||
| 084 |
_a378.54, DEL/O _qFEDL |
||
| 245 | 0 | _aMinutes of the executive council and academic council . No. 22 Friday, the 2nd January, 1970-4.00 p.m. | |
| 245 | 0 | _cUniversity Of Delhi | |
| 260 | _c1970 | ||
| 300 | _a96p. | ||
| 942 |
_cHB _h378.54, DEL/O |
||
| 999 |
_c1372530 _d1372530 |
||